000 04112nam a22002417a 4500
003 BJBSDDR
005 20260512101750.0
007 ta
008 260512s2006 nyu||||| |||| 00| 0 eng d
020 _a9780802714664
020 _a0802714668
040 _bspa
_cBJBSDDR
041 _aeng
050 _bK54j 2006
100 _aKing, Ross.
_d1952-
_912047
245 1 4 _aThe judgment of Paris :
_bthe revolutionary decade that gave the world Impressionism /
_cRoss King
260 _aNew York :
_bWalker & Co. : Distributed to the trade by Holtzbrinck,
_c2006
300 _a xiii, 448 pages :
_billustrations ;
_c25 cm
505 _a Chez Meissonier Modern life The lure of perfection Mademoiselle V Dreams of genius Youthful daring A baffling maze of canvas The Salon of Venus The tempest of fools Famous victories Young France Deliberations Room M Plein air A beastly slop The apostle of ugliness Maître Velázquez The jury of assassins Monet or Manet? A flash of swords Marvels, wonders and miracles Funeral for a friend Maneuvers A salon of newcomers Au bord de la mer Mademoiselle Berthe Flying gallops The wild boar of the Batignolles Vaulting ambitions The Prussian terror The last days of Paris A carnival of blood Days of hardship The apples of discord A ring of gold Pure Haarlem beer Beyond perfection The liberation of Paris Epilogue: finishing touches Political timeline
520 _aThe fascinating new book by the author of Brunelleschi’s Dome and Michelangelo and the Pope’s Ceiling: a saga of artistic rivalry and cultural upheaval in the decade leading to the birth of Impressionism. If there were two men who were absolutely central to artistic life in France in the second half of the nineteenth century, they were Edouard Manet and Ernest Meissonier. While the former has been labelled the “Father of Impressionism” and is today a household name, the latter has sunk into obscurity. It is difficult now to believe that in 1864, when this story begins, it was Meissonier who was considered the greatest French artist alive and who received astronomical sums for his work, while Manet was derided for his messy paintings of ordinary people and had great difficulty getting any of his work accepted at the all-important annual Paris Salon. Manet and Meissonier were the Mozart and Salieri of their day, one a dangerous challenge to the establishment, the other beloved by rulers and the public alike for his painstakingly meticulous oil paintings of historical subjects. Out of the fascinating story of their parallel careers, Ross King creates a lens through which to view the political tensions that dogged Louis-Napoleon during the Second Empire, his ignominious downfall, and the bloody Paris Commune of 1871. At the same time, King paints a wonderfully detailed and vivid portrait of life in an era of radical social change: on the streets of Paris, at the new seaside resorts of Boulogne and Trouville, and at the race courses and picnic spots where the new bourgeoisie relaxed. When Manet painted Dejeuner sur l’herbe or Olympia, he shocked not only with his casual brushstrokes (described by some as applied by a ‘floor mop’) but with his subject matter: top-hatted white-collar workers (and their mistresses) were not considered suitable subjects for ‘Art’. Ross King shows how, benign as they might seem today, these paintings changed the course of history. The struggle between Meissonier and Manet to see their paintings achieve pride of place at the Salon was not just about artistic competitiveness, it was about how to see the world. Full of fantastic tidbits of information (such as the use of carrier pigeons and hot-air balloons during the siege of Paris), and a colourful cast of characters that includes Baudelaire, Courbet, and Zola, with walk-on parts for Monet, Renoir, Degas, and Cezanne, The Judgment of Paris casts new light on the birth of Impressionism and takes us to the heart of a time in which the modern French identity was being forged.
942 _2lcc
_n0
_cBK
946 _icmc
999 _c127056
_d127056